| 000 | 01183cam a2200337 a 4500 | ||
|---|---|---|---|
| 001 | 6169239 | ||
| 003 | ARRUPE | ||
| 005 | 20160322122043.0 | ||
| 008 | 060207s2005 rh b 000 0 eng | ||
| 010 | _a 2006318046 | ||
| 035 | _a(OCoLC)ocm67947590 | ||
| 035 | _a(OCoLC)67947590 | ||
| 035 | _a(NNC)6169239 | ||
| 040 |
_aDLC _cDLC _dINU |
||
| 042 | _alcode | ||
| 043 | _af-rh--- | ||
| 050 | 0 | 0 |
_aRA643.86.Z55 _bM88 2005 |
| 082 | 0 | 4 |
_a362.1969792/0096891 _222 |
| 100 | 1 |
_aMutimhodyo, Edmore. _923215 |
|
| 245 | 1 | 0 |
_aZimbabwe AIDS Network (ZAN) : _bHIV and AIDS directory and resource providers' profile 2005 / _c[compiled by Edmore Mutimhodyo]. |
| 246 | 3 | 0 | _aHIV and AIDS directory and resource providers' profile 2005 |
| 246 | 1 | 4 | _aZAN HIV and AIDS directory and resource provider's profile 2005 |
| 260 |
_aHarare : _bZimbabwe AIDS Network, _cc2005. |
||
| 300 |
_axxxvi, 252p. : _bmap ; _c21 cm. |
||
| 650 | 0 |
_aAIDS (Disease) _zZimbabwe _vDirectories. _923216 |
|
| 710 | 2 |
_aZimbabwe AIDS Network. _923217 |
|
| 710 | 2 |
_aSouthern Africa AIDS Information Dissemination Service. _923218 |
|
| 942 |
_2lcc _cMONOGRAPH |
||
| 948 | 1 |
_a20070501 _bc _cas2107 _dMPS |
|
| 999 |
_c124441 _d124441 |
||